<?xml version="1.0" encoding="UTF-8"?>
<record
    xmlns:xsi="http://www.w3.org/2001/XMLSchema-instance"
    xsi:schemaLocation="http://www.loc.gov/MARC21/slim http://www.loc.gov/standards/marcxml/schema/MARC21slim.xsd"
    xmlns="http://www.loc.gov/MARC21/slim">

  <leader>01857nam2a2200277 i 4500</leader>
  <controlfield tag="001">RU\NLR\BIBL_A\010416522</controlfield>
  <controlfield tag="005">20240921200943.0</controlfield>
  <datafield tag="010" ind1=" " ind2=" ">
    <subfield code="a">9785747306639</subfield>
    <subfield code="b">&#x447;.1</subfield>
    <subfield code="9">50</subfield>
  </datafield>
  <datafield tag="021" ind1=" " ind2=" ">
    <subfield code="a">RU</subfield>
    <subfield code="b">2014-35796</subfield>
    <subfield code="9">2182</subfield>
  </datafield>
  <datafield tag="035" ind1=" " ind2=" ">
    <subfield code="a">(NLR Aleph) 010416522</subfield>
  </datafield>
  <datafield tag="090" ind1=" " ind2=" ">
    <subfield code="a">9793028</subfield>
    <subfield code="c">9793028</subfield>
  </datafield>
  <datafield tag="100" ind1=" " ind2=" ">
    <subfield code="a">20140716d2014    k  y0rusy50      ca</subfield>
  </datafield>
  <datafield tag="101" ind1="0" ind2=" ">
    <subfield code="a">rus</subfield>
  </datafield>
  <datafield tag="102" ind1=" " ind2=" ">
    <subfield code="a">RU</subfield>
  </datafield>
  <datafield tag="105" ind1=" " ind2=" ">
    <subfield code="a">a|||z|||001yy</subfield>
  </datafield>
  <datafield tag="200" ind1="1" ind2=" ">
    <subfield code="a">&#x421;&#x43F;&#x43E;&#x441;&#x43E;&#x431;&#x44B; &#x43E;&#x43F;&#x440;&#x435;&#x434;&#x435;&#x43B;&#x435;&#x43D;&#x438;&#x44F; &#x43D;&#x430;&#x43F;&#x440;&#x44F;&#x436;&#x435;&#x43D;&#x43D;&#x43E;-&#x434;&#x435;&#x444;&#x43E;&#x440;&#x43C;&#x438;&#x440;&#x43E;&#x432;&#x430;&#x43D;&#x43D;&#x43E;&#x433;&#x43E; &#x441;&#x43E;&#x441;&#x442;&#x43E;&#x44F;&#x43D;&#x438;&#x44F; &#x438; &#x434;&#x438;&#x43D;&#x430;&#x43C;&#x438;&#x447;&#x435;&#x441;&#x43A;&#x438;&#x445; &#x445;&#x430;&#x440;&#x430;&#x43A;&#x442;&#x435;&#x440;&#x438;&#x441;&#x442;&#x438;&#x43A; &#x432; &#x442;&#x44F;&#x433;&#x43E;&#x432;&#x43E;&#x43C; &#x43F;&#x43E;&#x434;&#x432;&#x438;&#x436;&#x43D;&#x43E;&#x43C; &#x441;&#x43E;&#x441;&#x442;&#x430;&#x432;&#x435;</subfield>
  </datafield>
  <datafield tag="210" ind1=" " ind2=" ">
    <subfield code="d">2014</subfield>
  </datafield>
  <datafield tag="215" ind1=" " ind2=" ">
    <subfield code="a">302, [1] &#x441;.</subfield>
    <subfield code="c">&#x438;&#x43B;.</subfield>
  </datafield>
  <datafield tag="320" ind1=" " ind2=" ">
    <subfield code="a">&#x411;&#x438;&#x431;&#x43B;&#x438;&#x43E;&#x433;&#x440;.: &#x441;. 295-297 (33 &#x43D;&#x430;&#x437;&#x432;.)</subfield>
  </datafield>
  <datafield tag="461" ind1=" " ind2="0">
    <subfield code="1">001RU\NLR\BIBL_A\010588431</subfield>
    <subfield code="1">2001#$a&#x42D;&#x43A;&#x441;&#x43F;&#x435;&#x440;&#x438;&#x43C;&#x435;&#x43D;&#x442;&#x430;&#x43B;&#x44C;&#x43D;&#x430;&#x44F; &#x43E;&#x446;&#x435;&#x43D;&#x43A;&#x430; &#x43F;&#x440;&#x43E;&#x447;&#x43D;&#x43E;&#x441;&#x442;&#x438; &#x442;&#x44F;&#x433;&#x43E;&#x432;&#x43E;&#x433;&#x43E; &#x43F;&#x43E;&#x434;&#x432;&#x438;&#x436;&#x43D;&#x43E;&#x433;&#x43E; &#x441;&#x43E;&#x441;&#x442;&#x430;&#x432;&#x430;$e&#x43C;&#x43E;&#x43D;&#x43E;&#x433;&#x440;&#x430;&#x444;&#x438;&#x44F;$e[&#x432; 2 &#x447;.]$f&#x412;.&#x411;. &#x426;&#x43A;&#x438;&#x43F;&#x443;&#x440;&#x438;&#x448;&#x432;&#x438;&#x43B;&#x438;$g&#x424;&#x435;&#x434;&#x435;&#x440;. &#x430;&#x433;&#x435;&#x43D;&#x442;&#x441;&#x442;&#x432;&#x43E; &#x436;.-&#x434;. &#x442;&#x440;&#x430;&#x43D;&#x441;&#x43F;., &#x424;&#x435;&#x434;&#x435;&#x440;. &#x433;&#x43E;&#x441;. &#x431;&#x44E;&#x434;&#x436;&#x435;&#x442;. &#x43E;&#x431;&#x440;&#x430;&#x437;&#x43E;&#x432;&#x430;&#x442;. &#x443;&#x447;&#x440;&#x435;&#x436;&#x434;&#x435;&#x43D;&#x438;&#x435; &#x432;&#x44B;&#x441;&#x448;. &#x43F;&#x440;&#x43E;&#x444;. &#x43E;&#x431;&#x440;&#x430;&#x437;&#x43E;&#x432;&#x430;&#x43D;&#x438;&#x44F; "&#x41C;&#x43E;&#x441;&#x43A;. &#x433;&#x43E;&#x441;. &#x443;&#x43D;-&#x442; &#x43F;&#x443;&#x442;&#x435;&#x439; &#x441;&#x43E;&#x43E;&#x431;&#x449;."$v&#x427;. 1</subfield>
    <subfield code="1">700#1$a&#x426;&#x43A;&#x438;&#x43F;&#x443;&#x440;&#x438;&#x448;&#x432;&#x438;&#x43B;&#x438;$b&#x412;.&#x411;.$g&#x412;&#x430;&#x43B;&#x435;&#x440;&#x438;&#x439; &#x411;&#x430;&#x433;&#x440;&#x430;&#x442;&#x43E;&#x432;&#x438;&#x447;</subfield>
    <subfield code="9">10492617</subfield>
    <subfield code="a">&#x426;&#x43A;&#x438;&#x43F;&#x443;&#x440;&#x438;&#x448;&#x432;&#x438;&#x43B;&#x438;, &#x412;.&#x411;.</subfield>
    <subfield code="c">&#x41C;&#x43E;&#x441;&#x43A;&#x432;&#x430;</subfield>
    <subfield code="d">2014</subfield>
    <subfield code="f">&#x412;.&#x411;. &#x426;&#x43A;&#x438;&#x43F;&#x443;&#x440;&#x438;&#x448;&#x432;&#x438;&#x43B;&#x438;</subfield>
    <subfield code="n">&#x41C;&#x43E;&#x441;&#x43A;&#x43E;&#x432;&#x441;&#x43A;&#x438;&#x439; &#x433;&#x43E;&#x441;&#x443;&#x434;&#x430;&#x440;&#x441;&#x442;&#x432;&#x435;&#x43D;&#x43D;&#x44B;&#x439; &#x443;&#x43D;&#x438;&#x432;&#x435;&#x440;&#x441;&#x438;&#x442;&#x435;&#x442; &#x43F;&#x443;&#x442;&#x435;&#x439; &#x441;&#x43E;&#x43E;&#x431;&#x449;&#x435;&#x43D;&#x438;&#x44F;</subfield>
    <subfield code="o">&#x43C;&#x43E;&#x43D;&#x43E;&#x433;&#x440;&#x430;&#x444;&#x438;&#x44F; : [&#x432; 2 &#x447;.]</subfield>
    <subfield code="t">&#x42D;&#x43A;&#x441;&#x43F;&#x435;&#x440;&#x438;&#x43C;&#x435;&#x43D;&#x442;&#x430;&#x43B;&#x44C;&#x43D;&#x430;&#x44F; &#x43E;&#x446;&#x435;&#x43D;&#x43A;&#x430; &#x43F;&#x440;&#x43E;&#x447;&#x43D;&#x43E;&#x441;&#x442;&#x438; &#x442;&#x44F;&#x433;&#x43E;&#x432;&#x43E;&#x433;&#x43E; &#x43F;&#x43E;&#x434;&#x432;&#x438;&#x436;&#x43D;&#x43E;&#x433;&#x43E; &#x441;&#x43E;&#x441;&#x442;&#x430;&#x432;&#x430;</subfield>
    <subfield code="y">9785747306622</subfield>
    <subfield code="v">&#x427;. 1</subfield>
  </datafield>
  <datafield tag="606" ind1="1" ind2=" ">
    <subfield code="a">&#x41B;&#x43E;&#x43A;&#x43E;&#x43C;&#x43E;&#x442;&#x438;&#x432;&#x44B;</subfield>
    <subfield code="x">&#x414;&#x438;&#x43D;&#x430;&#x43C;&#x438;&#x43A;&#x430;</subfield>
    <subfield code="9">1490974</subfield>
    <subfield code="3">RU\NLR\AUTH\66641195</subfield>
  </datafield>
  <datafield tag="686" ind1="1" ind2=" ">
    <subfield code="a">&#x41E;23-015</subfield>
  </datafield>
  <datafield tag="942" ind1=" " ind2=" ">
    <subfield code="c">BOOK</subfield>
  </datafield>
  <datafield tag="980" ind1=" " ind2=" ">
    <subfield code="a">NBR</subfield>
  </datafield>
</record>
